000 00506nam a2200181Ia 4500
005 20250326141439.0
008 250326s9999 xx 000 0 und d
037 _aTextbook
040 _aFMSL
_beng
_cFMSL
041 _aeng
_2eng
084 _qFMSL
100 _aMoberg Dennis J
_9744479
245 0 _aInteractive cases in management
_cMoberg Dennis J; Caldwell David E
260 _aLondon
_bLondon, scott foresman and comp.
_c1989
300 _a451p
942 _cTB
999 _c1290353
_d1290353